000 00285nam a22001337a 4500
008 210302b ||||| |||| 00| 0 eng d
020 _a9780716738633
041 _aeng
080 _a591
100 _a7
101 _aZOO
245 _aAnimal Physiology
_cRandall,D
942 _2udc
_cBK
999 _c55500
_d55500